Les personnages de Breaking Bad - Statistiques

Statistiques générales
  • Ce quiz a été pris 112 fois
  • Le résultat moyen est 10 sur 16
Statistiques - réponses
Par images Réponse % Correct
Walter Junior
95%
Jesse Pinkman
90%
Walter White
90%
Skyler White
88%
Gustavo Fring
84%
Saul Goodman
77%
Hank Schrader
67%
Marie Schrader
66%
Hector Salamanca
59%
Badger
52%
Todd
51%
Skinny Pete
46%
Lydia
44%
Ted Beneke
43%
Mike Ehrmantraut
34%
Steve Gomez
34%
Aucun quiz correspondant
Distribution des résultats
% des personnes avec chaque résultat
Percentile par nombre de réponses
Votre historique - résultats
Vous n’avez pas pris ce quiz